Pokémon par leur deux premières lettres (1ère partie) - Statistiques

Statistiques générales
  • Ce quiz a été pris 1 312 fois
  • Le résultat moyen est 291 sur 386
Statistiques - réponses
Pokémon % Correct
331 Cacnea
97%
332 Cacturne
97%
225 Cadoizo
97%
323 Camérupt
97%
083 Canarticho
97%
058 Caninos
97%
190 Capumain
97%
008 Carabaffe
97%
007 Carapuce
97%
213 Caratroc
97%
318 Carvanha
97%
378 Regice
97%
377 Regirock
97%
379 Registeel
97%
369 Relicanth
97%
223 Rémoraid
97%
005 Reptincel
97%
001 Bulbizarre
96%
021 Piafabec
96%
172 Pichu
96%
274 Pifeuil
96%
025 Pikachu
96%
074 Racaillou
96%
045 Rafflesia
96%
026 Raichu
96%
243 Raikou
96%
294 Ramboum
96%
079 Ramoloss
96%
022 Rapasdepic
96%
019 Rattata
96%
020 Rattatac
96%
384 Rayquaza
96%
027 Sabelette
96%
028 Sablaireau
96%
004 Salamèche
96%
114 Saquedeneu
96%
277 Hélédelle
95%
192 Héliatronc
95%
002 Herbizarre
95%
155 Héricendre
95%
175 Togepi
95%
176 Togetic
95%
009 Tortank
95%
174 Toudoudou
95%
191 Tournegrin
95%
283 Arakdo
94%
024 Arbok
94%
059 Arcanin
94%
252 Arcko
94%
348 Armaldo
94%
266 Armulys
94%
144 Artikodin
94%
012 Papilusion
94%
269 Papinox
94%
046 Paras
94%
047 Parasect
94%
287 Parecool
94%
371 Draby
93%
006 Dracaufeu
93%
372 Drackhaus
93%
148 Draco
93%
149 Dracolosse
93%
373 Drattak
93%
199 Roigada
93%
039 Rondoudou
93%
143 Ronflex
93%
368 Rosabyss
93%
315 Rosélia
93%
018 Roucarnage
93%
016 Roucool
93%
017 Roucoups
93%
080 Flagadoss
92%
259 Flobio
92%
188 Floravol
92%
003 Florizarre
92%
261 Medhyèna
92%
307 Meditikka
92%
154 Méganium
92%
173 Mélo
92%
036 Mélodelfe
92%
035 Mélofée
92%
196 Mentali
92%
376 Métalosse
92%
132 Métamorph
92%
375 Metang
92%
151 Mew
92%
150 Mewtwo
92%
221 Cochignon
91%
014 Coconfort
91%
342 Colhomard
91%
057 Colossinge
91%
366 Coquiperl
91%
222 Corayon
91%
198 Cornèbre
91%
189 Cotovol
91%
165 Coxy
91%
166 Coxyclaque
91%
015 Dardargnan
91%
066 Machoc
91%
067 Machopeur
91%
068 Mackogneur
91%
153 Macronium
91%
240 Magby
91%
129 Magicarpe
91%
126 Magmar
91%
081 Magnéti
91%
082 Magnéton
91%
296 Makuhita
91%
228 Malosse
91%
335 Mangriff
91%
195 Maraiste
91%
220 Marcacrin
91%
183 Marill
91%
284 Maskadra
91%
253 Massko
91%
023 Abo
90%
063 Abra
90%
359 Absol
90%
013 Aspicot
90%
322 Chamallot
89%
286 Chapignon
89%
267 Charmillon
89%
308 Charmina
89%
324 Chartor
89%
010 Chenipan
89%
265 Chenipotte
89%
069 Chétiflor
89%
011 Chrysacier
89%
293 Chuchmur
89%
122 M.Mime
89%
088 Tadmorv
89%
299 Tarinor
89%
186 Tarpaud
89%
280 Tarsal
89%
062 Tartard
89%
050 Taupiqueur
89%
128 Tauros
89%
052 Miaouss
88%
168 Migalos
88%
350 Milobellus
88%
167 Mimigal
88%
048 Mimitoss
88%
147 Minidraco
88%
140 Kabuto
87%
141 Kabutops
87%
064 Kadabra
87%
158 Kaiminus
87%
365 Kaimorse
87%
115 Kangourex
87%
344 Kaorine
87%
237 Kapoera
87%
118 Poissirène
87%
119 Poissoroy
87%
353 Polichombr
87%
204 Pomdepik
87%
077 Ponyta
87%
137 Porygon
87%
233 Porygon2
87%
311 Posipi
87%
255 Poussifeu
87%
310 Elecsprint
86%
145 Electhor
86%
101 Electrode
86%
239 Elekid
86%
125 Elektek
86%
056 Férosinge
86%
200 Feuforêve
86%
038 Feunard
86%
156 Feurisson
86%
262 Grahyèna
86%
273 Grainipiot
86%
210 Granbull
86%
187 Granivol
86%
075 Gravalanch
86%
040 Grodoudou
86%
076 Grolem
86%
326 Groret
86%
089 Grotadmorv
86%
383 Groudon
86%
065 Alakazam
83%
160 Aligatueur
83%
334 Altaria
83%
245 Suicune
82%
146 Sulfura
82%
216 Teddiursa
82%
374 Tehral
82%
302 Ténéfix
82%
275 Tengalice
82%
072 Tentacool
82%
073 Tentacruel
82%
356 Téraclope
82%
061 Têtarte
82%
258 Gobou
81%
278 Goélise
81%
037 Goupix
81%
034 Nidoking
80%
031 Nidoqueen
80%
029 | 032 Nidoran
80%
030 Nidorina
80%
033 Nidorino
80%
290 Ningale
80%
291 Ninjask
80%
276 Nirondelle
80%
305 Galegon
79%
304 Galekid
79%
306 Galeking
79%
256 Galifeu
79%
078 Galopa
79%
282 Gardevoir
79%
103 Noadkoko
79%
164 Noarfang
79%
197 Noctali
79%
102 Noeunoeuf
79%
042 Nosferalto
79%
041 Nosferapti
79%
169 Nostenfer
79%
053 Persian
79%
219 Volcaropod
79%
135 Voltali
79%
100 Voltorbe
79%
070 Boustiflor
78%
242 Leuphorie
78%
113 Leveinard
78%
130 Léviator
78%
260 Laggron
77%
180 Lainergie
77%
087 Lamantine
77%
171 Lanturn
77%
380 Latias
77%
381 Latios
77%
330 Libégon
77%
345 Lilia
77%
218 Limagma
77%
264 Linéon
77%
238 Lippouti
77%
124 Lippoutou
77%
134 Aquali
76%
131 Lokhlass
76%
271 Lombre
76%
170 Loupio
76%
370 Lovdisc
76%
246 Embrylex
74%
071 Empiflor
74%
152 Germignon
72%
051 Triopikeur
72%
357 Tropius
72%
107 Tygnon
72%
333 Tylton
72%
157 Typhlosion
72%
248 Tyranocif
72%
049 Aéromite
71%
236 Debugant
71%
301 Delcatty
71%
226 Démanta
71%
229 Démolosse
71%
386 Deoxys
71%
133 Evoli
71%
303 Mysdibule
71%
043 Mystherbe
71%
136 Pyroli
71%
044 Ortide
70%
142 Ptéra
70%
060 Ptitard
70%
139 Amonistar
69%
138 Amonita
69%
159 Crocrodil
69%
091 Crustabri
69%
106 Kicklee
68%
281 Kirlia
68%
092 Fantominus
67%
215 Farfuret
67%
341 Ecrapince
66%
241 Ecremeuh
66%
094 Ectoplasma
66%
272 Ludicolo
66%
249 Lugia
66%
314 Lumivole
66%
085 Dodrio
65%
084 Doduo
65%
232 Donphan
65%
250 Ho-Oh
65%
163 Hoothoot
65%
184 Azumarill
64%
298 Azurill
64%
343 Balbuto
62%
285 Balignon
62%
340 Barbicha
62%
339 Barloche
62%
349 Barpau
62%
093 Spectrum
62%
327 Spinda
62%
325 Spoink
62%
312 Négapi
61%
270 Nénupiot
61%
338 Solaroc
61%
096 Soporifik
61%
205 Foretress
60%
162 Fouinar
60%
161 Fouinette
60%
289 Monaflèmit
60%
351 Morphéo
60%
090 Kokiyas
59%
354 Branette
58%
257 Braségali
58%
295 Brouhabam
58%
251 Celebi
58%
234 Cerfrousse
58%
244 Entei
57%
231 Phanpy
57%
181 Pharamp
57%
364 Phogleur
57%
337 Séléroc
57%
367 Serpang
57%
336 Séviper
57%
320 Wailmer
57%
321 Wailord
57%
179 Wattouat
57%
055 Akwakwak
55%
362 Oniglali
55%
095 Onix
55%
086 Otaria
55%
361 Stalgamin
55%
120 Stari
55%
121 Staross
55%
208 Steelix
55%
254 Jungko
53%
329 Vibraninf
52%
288 Vigoroth
52%
279 Bekipan
50%
382 Kyogre
50%
313 Muciole
50%
292 Munja
50%
097 Hypnomade
49%
117 Hypocéan
49%
230 Hyporoi
49%
116 Hypotrempe
49%
123 Insécateur
49%
206 Insolourdo
49%
099 Krabboss
49%
098 Krabby
49%
328 Kraknoix
49%
385 Jirachi
47%
347 Anorith
46%
054 Psykokwak
46%
346 Vacilys
45%
297 Hariyama
43%
177 Natu
42%
247 Ymphect
42%
263 Zigzaton
42%
212 Cizayox
41%
105 Ossatueur
40%
104 Osselait
40%
127 Scarabrute
40%
214 Scarhino
40%
207 Scorplane
40%
185 Simularbre
40%
268 Blindalys
38%
108 Excelangue
38%
319 Sharpedo
38%
109 Smogo
38%
110 Smogogo
38%
201 Zarbi
38%
194 Axoloto
37%
111 Rhinocorne
37%
112 Rhinoféros
37%
182 Joliflor
36%
355 Skelénox
36%
300 Skitty
36%
309 Dynavolt
35%
217 Ursaring
35%
203 Girafarig
34%
235 Queulorior
34%
202 Qulbutoké
34%
209 Snubbull
34%
178 Xatu
33%
227 Airmure
32%
352 Kecleon
32%
363 Obalie
32%
224 Octillery
31%
317 Avaltout
29%
358 Eoko
27%
193 Yanma
24%
360 Okéoké
21%
211 Qwilfish
20%
316 Gloupti
17%
Aucun quiz correspondant
Distribution des résultats
% des personnes avec chaque résultat
Percentile par nombre de réponses
Votre historique - résultats
Vous n’avez pas pris ce quiz